000 01183 a2200277 4500
003 OSt
005 20260310104812.0
008 260309b |||||||| |||| 00| 0 eng d
020 _a9789348029928 (खण्ड 1) (hbk)
020 _a9789348029317 (खण्ड 2) (hbk)
037 _cREF
040 _cCRL
_aCRL
084 _aQ21:22:g 152R5.1-.2 (RR)
_qCRL
100 _aचतुर्वेदी, गिरिधर शर्मा
_9847076
245 _aपुराण - परिशीलन
260 _aनयी दिल्ली, भारत:
_bकिताबवाले,
_c2025.
300 _aभाग 1 (1-370पृ.), भाग 2 (374-565पृ.)
365 _bVol. - 2000.00
_cINR
365 _bVol. 2 - 1100.00
_cINR
490 _aअमृत वाड़्मय
650 _aधर्म
650 _aपुराण
_9849911
942 _cTB
_2CC
_hQ21:22:g 152R5.1-.2 (RR)
999 _c1464386
_d1464386